| 000 | 00391nam a22001337a 4500 | ||
|---|---|---|---|
| 020 | _a7119035312 | ||
| 082 |
_a951.05092 _bEPS |
||
| 100 | _aEpstein, Israel | ||
| 245 |
_aWoman in World History Soong Ching Ling (Mme. Sun Yatsen) / _cIsrael Epstein |
||
| 260 |
_aBeijing : _bForeign Languages Press, _c2004. |
||
| 300 |
_a692 p. ; _c24 cm. |
||
| 563 | _aHardcover. | ||
| 942 |
_2ddc _cBK |
||
| 999 |
_c611337 _d611337 |
||